| 000 | 00849nam a2200241Ia 4500 | ||
|---|---|---|---|
| 005 | 20250216130550.0 | ||
| 008 | 210303s9999 xx 000 0 und d | ||
| 016 | _2reto2022b | ||
| 040 |
_aNLN _bEnglish _eAACR2 |
||
| 050 |
_aLC2808.A2 _bM981 |
||
| 082 | _a370.96 | ||
| 100 |
_aMURRAY, Albert Victor _d1890 _eaut _941959 |
||
| 245 | 4 |
_aThe school in the bush : _ba critical study of the theory and practice of native education in Africa / _cAlbert Victor Murray |
|
| 260 |
_aLondon : _bLongmans, Green & Co., _c1938 |
||
| 300 |
_axxiv 454p. : _bill., maps ; 22cm |
||
| 500 | _aIncludes bibliographical references | ||
| 563 | _a(pbk) | ||
| 650 |
_aEducation _vAfrica _915352 |
||
| 650 |
_aIndigenous peoples _vAfrica _956320 |
||
| 650 |
_aAfrican American _vRace relations _956321 |
||
| 650 |
_aAfrican Americans _vEducation _956165 |
||
| 942 |
_n0 _cBK |
||
| 999 |
_c20832 _d20832 |
||